00581nam a2200181Ia 4500008004100000041000800041082001300049100003300062245006700095250000600162260005200168300001000220365001300230563000700243650001900250999001900269952011100288210707s1982 xx 000 0 und d aeng a954 GOKB aGOKHALE (Balakrishna Govind) aBharatavarsha a political and cultural history of India. Ed 1. a1 aNew Delhi.bSterling Publishers Pvt Ltd.,c1982 a360 p b110cINR aHB aIndian History c180055d180055 001040708HistoryaALbALd2002-02-16g110.00l0o954 GOKBpBB03956r2021-07-08 00:00:00w2021-07-08yBB